Neuere Angaben zur Verbreitung der Zóker-Kultur. (2 Bilder)

Elmentve itt :
Bibliográfiai részletek
Szerző: Dr. Banner János
Dokumentumtípus: Cikk
Megjelent: 1942
Sorozat:Dolgozatok a Magyar Királyi Ferencz József Tudományegyetem Archaeologiai Intézetéből 18
Kulcsszavak:zóki-kultúra, elterjedés, leletek
Online Access:http://acta.bibl.u-szeged.hu/456
LEADER 00671nab a2200169 i 4500
001 acta456
005 20210616145158.0
008 161015s1942 hu o 0|| ger d
040 |a SZTE Egyetemi Kiadványok Repozitórium  |b hun 
041 |a ger 
100 2 |a Dr. Banner János 
245 1 0 |a Neuere Angaben zur Verbreitung der Zóker-Kultur. (2 Bilder)  |h [elektronikus dokumentum] /  |c  Dr. Banner János 
260 |c 1942 
300 |a 147 
490 0 |a Dolgozatok a Magyar Királyi Ferencz József Tudományegyetem Archaeologiai Intézetéből  |v 18 
695 |a zóki-kultúra, elterjedés, leletek 
856 4 0 |u http://acta.bibl.u-szeged.hu/456/1/dolgozatok_1942_147.pdf  |z Dokumentum-elérés